000 00311nam a2200109Ia 4500
008 171211s9999 xx 000 0 und d
245 _aCombat Kick Boxing: Realistic Self Defence
245 _cPat O'Keeffe
260 _c2002
650 _xMartial Arts
856 _uhttp://down.ebook777.com/053/9781840241952.pdf
999 _c348265
_d348265